| 000 | 00552nam a2200169 a 4500 | ||
|---|---|---|---|
| 005 | 20140414131934.0 | ||
| 008 | 110112s19uu xx 00 eng d | ||
| 050 |
_aREF 621.381 _bB76 2000 |
||
| 100 | _aBridgman, Roger | ||
| 245 |
_aElectronics / _cwritten by Roger Bridgman. |
||
| 250 | _a1st American ed. | ||
| 260 |
_aNew York : _bDorling Kindersley, _c2000. |
||
| 440 | _aEyewitness books | ||
| 520 | _a Traces the history, discoveries, and devices of the science of electronics. | ||
| 650 |
_aElectronics _xJuvenile literature |
||
| 999 |
_c112354 _d112354 |
||